[Event "Rhein Main op-B 14th"]
[Site "Bad Homburg"]
[Date "2011.06.23"]
[Round "3"]
[White "Christen, Stefan"]
[Black "Tsedenjaw, Maam"]
[Result "0-1"]
[WhiteElo "1559"]
[BlackElo "1950"]
[PlyCount "58"]
[EventDate "2011.06.22"]
[EventType "swiss"]
[EventRounds "7"]
[EventCountry "GER"]
[SourceTitle "EXT 2012"]
[Source "ChessBase"]
[SourceDate "2011.11.24"]
[SourceVersion "1"]
[SourceVersionDate "2011.11.24"]
[SourceQuality "1"]

1. c4 g6 2. g3 Bg7 3. Bg2 Nc6 4. Nc3 Nf6 5. e4 d6 6. Nge2 0-0 7. 0-0 Ne5 8. d3 Bg4 9. f3 Bd7 10. Be3 h6 11. Qd2 Kh7 12. b3 Ng8 13. Rad1 e6 14. d4 Nc6 15. f4 Qe7 16. Nb5 Be8 17. d5 Nd8 18. Nxa7 exd5 19. exd5 c5 20. Nb5 Bxb5 21. cxb5 Re8 22. Rf3 Nf6 23. h3 Ne4 24. Qc2 f5 25. a4 Nf7 26. Rd3 Rac8 27. Nc3 c4 28. Bd2 cxd3 29. Rxd3 Nxc3 0-1